Leonid Lamm (Record no. 569)

MARC details
000 - LÍDER
campo de control de longitud fija 00979nam a2200205Ia 4500
008 - ELEMENTOS DE DATOS DE LONGITUD FIJA - INFORMACIÓN GENERAL
campo de control de longitud fija 0000001998 usaz 0000000000eng00
020 ## - INTERNATIONAL STANDARD BOOK NUMBER
International Standard Book Number 938989197
090 ## - NÚMERO DE LLAMADA DE TIPO LC LOCALMENTE ASIGNADO (OCLC)
Número de clasificación (OCLC) (R) PRU00 L26
245 13 - TÍTULO DECLARACIÓN
Título Leonid Lamm
Resto del título : birth of an image
Declaración de responsabilidad / foreword by Michael P. Mezzatesta ; introduction by Eleanor Heartney ; photography Leonid Lamm, Innesa Lamm
260 ## - PUBLICACIÓN, DISTRIBUCIÓN
Lugar de publicación Estados Unidos de América : Duke University Museum of Art
Fecha de publicación 1998
300 ## - DESCRIPCIÓN FÍSICA
Alcance 105 p.
Dimensiones / 21 cm.
500 ## - NOTA GENERAL
Nota general Exposición realizada en Duke University Museum of Art, Durham, Marzo 6 Mayo 17, 1998 \ Con el patronazgo del maestro venezolano Jesús Rafael Soto (q.e.p.d.)
600 00 - ENTRADA DE SUJETO AÑADIDO - NOMBRE PERSONAL
Nombre de la persona LAMM, LEONID, 1928/
Subdivisión general TRABAJOS PICTORICOS \ LAMM, LEONID, 1928 ENTREVISTAS
650 14 - ENTRADA DE SUJETO AÑADIDO - TÉRMINO TÓPICO
Término tópico o elemento de entrada del nombre geográfico PINTURA RUSA
650 14 - ENTRADA DE SUJETO AÑADIDO - TÉRMINO TÓPICO
Término tópico o elemento de entrada del nombre geográfico ARTE CONTEMPORANEO RUSO
650 14 - ENTRADA DE SUJETO AÑADIDO - TÉRMINO TÓPICO
Subdivisión general CATALOGOS
650 14 - ENTRADA DE SUJETO AÑADIDO - TÉRMINO TÓPICO
Subdivisión general EXPOSICIONES
650 14 - ENTRADA DE SUJETO AÑADIDO - TÉRMINO TÓPICO
Término tópico o elemento de entrada del nombre geográfico PINTORES RUSOS
700 1# - ENTRADA AGREGADA - NOMBRE PERSONAL
Nombre de la persona Mezzatesta, Michael P. \ Heartney, Eleanor \ LevkovaLamm, Innesa \ Bouis, Antonina W.
Holdings
Estado de retirada Pérdida de estatus Estado dañado No para préstamo Código de recogida Ubicación permanente Ubicación actual Ubicación de las estanterías Fecha de adquisición Número de llamada completo Código de barras Fecha de la última vez que se vio Número de copia Precio efectivo desde Tipo de artículo Koha
        General ArtNexus ArtNexus General 06/09/2022 P-RU-00 L26 569 06/09/2022 Ej.1 06/09/2022 Libro

Powered by Koha